Political Anthropology: (Record no. 9959)
[ view plain ]
| 000 -LEADER | |
|---|---|
| fixed length control field | 00385nam a22001457a 4500 |
| 008 - FIXED-LENGTH DATA ELEMENTS--GENERAL INFORMATION | |
| fixed length control field | 240807b |||||||| |||| 00| 0 eng d |
| 020 ## - INTERNATIONAL STANDARD BOOK NUMBER | |
| International Standard Book Number | 9780813338040 |
| 082 ## - DEWEY DECIMAL CLASSIFICATION NUMBER | |
| Classification number | 306.2 |
| 100 ## - MAIN ENTRY--PERSONAL NAME | |
| Personal name | Kurtz, Donald V. |
| 245 ## - TITLE STATEMENT | |
| Title | Political Anthropology: |
| Remainder of title | Paradigms and Power |
| 260 ## - PUBLICATION, DISTRIBUTION, ETC. | |
| Place of publication, distribution, etc. | New York: |
| Name of publisher, distributor, etc. | Routledge, |
| Date of publication, distribution, etc. | 2001. |
| 300 ## - PHYSICAL DESCRIPTION | |
| Extent | ix, 251 p.; |
| Dimensions | 22.5 Cm. |
| 942 ## - Added entry Elements (Koha) | |
| Source of classification or shelving scheme | Dewey Decimal Classification |
| Withdrawn status | Lost status | Source of classification or shelving scheme | Damaged status | Not for loan | Collection code | Home library | Current library | Shelving location | Date acquired | Serial Enumeration / chronology | Total Checkouts | Full call number | Barcode | Date last seen | Price effective from | Koha item type |
|---|---|---|---|---|---|---|---|---|---|---|---|---|---|---|---|---|
| Dewey Decimal Classification | Main TEST | RTC Library | RTC Library | Main opac | 07/08/2024 | 18577 | 306.2 KUR C.1 | 30019646 | 07/08/2024 | 07/08/2024 | Main | |||||
| Dewey Decimal Classification | Main TEST | RTC Library | RTC Library | Main opac | 07/08/2024 | 18578 | 306.2 KUR C.2 | 30019733 | 07/08/2024 | 07/08/2024 | Main | |||||
| Dewey Decimal Classification | Main TEST | RTC Library | RTC Library | Main opac | 07/08/2024 | 18579 | 306.2 KUR C.3 | 30019765 | 07/08/2024 | 07/08/2024 | Main | |||||
| Dewey Decimal Classification | Main TEST | RTC Library | RTC Library | Main opac | 07/08/2024 | 18580 | 306.2 KUR C.4 | 30019671 | 07/08/2024 | 07/08/2024 | Main |